01012nam a2200277 i 4500003000900000005001700009007000300026008004100029040003000070082001300100100004300113245004600156264004600202300002600248336002700274337003300301338002800334500004600362590002700408650006100435650004500496910001400541942001400555952014800569999001700717DO-SdBNP20241011151919.0ta241011s1998 dr 001 0 spa d aDO-SdBNPbspacBNPHUerda bG9342221 4aut.aGuerrero, Fernando973924eautor10aTocando tu corazón /cFernando Guerrero 1aSanto Domingo :bEditorial Valdez,c1998. a365 páginasc21 cm. atextobtxt2rdacontent asin mediaciónbn2rdamedia avolumenbnc2rdacarrier aMeditaciones diarias para todo el año.  aInventariado, 2024/ YL 4aSindicalismozRepública DominicanaxEnseñanza953988 4aSindicatoszRepública Dominicana97318 aYLockward 2ddccLBS1 00102ddc51708PDaBNPHUbBNPHUcCTd2017-12-07eDonado por Ilonka Nacidit Perdomol0oBNPHU PD G934p2024-5771r2024-10-11w2024-10-11yLBS1 c57834d57834